00974nam a22002297a 450000500170000001000190001702000390003602000450007502000450012003500170016503700130018208200150019510000190021024500960022925000110032526000300033627000840036630000630045050000190051350501940053270000180072620160111140355.0 aENG-114410-411 a9789351435938c4495.00 (set price) a9789351435945 (v.1)c4495.00 (set price) a9789351435952 (v.2)c4495.00 (set price) aEN-97942-943 bDBAD/PUB a346.540488 aKailasam, K.C. aVenkateswaran on trade marks & passing off /cby K.C. Kailasam; foreworded by Raghbir Singh a6th ed aGurgaonbLexisNexisc2015 a14th Floor, Building No.10, Tower-B, DLF Cyber City, Phase-II bGurgaone122002 a2V.(ccciii,1761,142p. ; cxxviii,1762-3747,142p.)c25cm(Hb) aIncludes index av.1- the trade marks act, 1999 sections 1 to 36G v.2- the trade marks act, 1999 sections 37 to 159 the geographical indications of goods (registration & protection) act,1999 and appendices  aRaghbir Singh